000 00327nam a2200145Ia 4500
005 20251222144913.0
008 251222s9999||||xx |||||||||||||| ||spa||
020 _a9788889237816
082 _a458.346.1/P61
100 _aPiotti, Danila
245 0 _aUnivers Italiana:
250 _a1ra.ed.
264 _bAlma
942 _cLIB
999 _c22408
_d22408